00240nam a22001097a 4500003000400000020001800004082001400022100002400036245003400060260002800094300000800122SGT a9788499361277 a747bHAU  aHAUSMANN JOSE LUIS  aINTERIOR DESIGN INSPIRATION 3 aSPAIN bLOFT PUB c2012 a594